| 000 | 00828cab a2200265 4500 | ||
|---|---|---|---|
| 001 | ABS49493 | ||
| 008 | 090401t1993 xxu||||| |||| 00| 0 eng d | ||
| 035 | _a(Sirsi) u71571 | ||
| 041 | _aeng | ||
| 100 | _aFord, J. | ||
| 245 | _aMortgage possession | ||
| 260 | _c1993 | ||
| 350 | _a0 | ||
| 490 |
_aHousing Studies _v8(4) October 1993, 227-240(14) |
||
| 520 | _aDiscusses the characteristics of possession, suggesting a high level of voluntary possession and that younger owners with negative equity, large monthly payments and additional loans are most vulnerable. | ||
| 650 | _aLENDING POLICIES | ||
| 650 | _aMORTGAGE ARREARS | ||
| 650 | _aMORTGAGE LENDERS | ||
| 650 | _aMORTGAGES | ||
| 650 | _aNEGATIVE EQUITY | ||
| 650 | _aREPOSSESSIONS | ||
| 690 | _aHOUSING-FINANCE | ||
| 942 | _n0 | ||
| 948 | _c04/03/1997 | ||
| 999 |
_c45142 _d45142 |
||